El mundo poético de Rubén Darío
Gorde:
| Egile nagusia: | |
|---|---|
| Formatua: | Liburua |
| Hizkuntza: | Undetermined |
| Argitaratua: |
Guatemala
Universitaria
1966
|
| Gaiak: | |
| Etiketak: |
Etiketa erantsi
Etiketarik gabe, Izan zaitez lehena erregistro honi etiketa jartzen!
|
MARC
| LEADER | 00000nam a2200000Ia 4500 | ||
|---|---|---|---|
| 008 | 170316s9999 xx 000 0 und d | ||
| 090 | |a 801 A-2m | ||
| 100 | |a Aguado-Andreut, Salvador | ||
| 245 | |a El mundo poético de Rubén Darío | ||
| 260 | |a Guatemala | ||
| 260 | |b Universitaria | ||
| 260 | |c 1966 | ||
| 300 | |a 307 páginasVol.54 | ||
| 650 | |a TEORÍA LITERARIA | ||
| 650 | |a ENSAYO-VICTOR HUGO | ||
| 650 | |a ENSAYO-RUBÉN DARÍO | ||
| 650 | |a CRÍTICA-RUBÉN DARÍO | ||
| 650 | |a POESÍA-RUBÉN DARÍO | ||
| 999 | |c 20033 |d 20033 | ||
| 040 | |a cru BVZT | ||
| 942 | |c 15 D |h 801 A-2m |2 z | ||
